000 00682nam a2200241Ia 4500
003 OSt
005 20221007063539.0
006 a|||||r|||| 00| 0
007 ta
008 221006b |||||||| |||| 00| 0 eng d
024 _a3,310
037 _cTextual
040 _aFLL
_cFLL
_beng
041 _2eng
_aeng
082 _aZ2:33, L0
100 _aDesai Sunderlal Trikamlal Au.
_9684455
245 0 _aLaw of partnership in India and Pakistan
250 _a4th
260 _aCalcutta
_bC. Sarkar and Sons Private LImited India
_c1970
650 _aLaw of partnership
942 _hZ2:33, L0
_cTEXL
_2CC
999 _c1131511
_d1131511